The half-life of policy rationales : (Record no. 8089)

MARC details
000 -LEADER
fixed length control field 01571cam a22003734a 4500
001 - CONTROL NUMBER
control field 12933060
003 - CONTROL NUMBER IDENTIFIER
control field OSt
005 - DATE AND TIME OF LATEST TRANSACTION
control field 20230315155926.0
008 - FIXED-LENGTH DATA ELEMENTS--GENERAL INFORMATION
fixed length control field 020917s2003 nyu b 001 0 eng
010 ## - LIBRARY OF CONGRESS CONTROL NUMBER
LC control number 2002015249
020 ## - INTERNATIONAL STANDARD BOOK NUMBER
International Standard Book Number 0814747760 (cloth : alk. paper)
020 ## - INTERNATIONAL STANDARD BOOK NUMBER
International Standard Book Number 0814747779 (pbk. : alk. paper)
040 ## - CATALOGING SOURCE
Original cataloging agency DLC
Transcribing agency DLC
Modifying agency DLC
042 ## - AUTHENTICATION CODE
Authentication code pcc
043 ## - GEOGRAPHIC AREA CODE
Geographic area code n-us---
050 00 - LIBRARY OF CONGRESS CALL NUMBER
Classification number HC110.T4
Item number H35 2003
082 00 - DEWEY DECIMAL CLASSIFICATION NUMBER
Classification number 320.6Hal 2003
245 04 - TITLE STATEMENT
Title The half-life of policy rationales :
Remainder of title how new technology affects old policy issues /
Statement of responsibility, etc. edited by Fred E. Foldvary and Daniel B. Klein.
260 ## - PUBLICATION, DISTRIBUTION, ETC. (IMPRINT)
Place of publication, distribution, etc. New York :
Name of publisher, distributor, etc. New York University Press,
Date of publication, distribution, etc. 2003.
300 ## - PHYSICAL DESCRIPTION
Extent ix, 276 p. ;
Dimensions 24 cm.
500 ## - GENERAL NOTE
General note "A Cato Institute book."
504 ## - BIBLIOGRAPHY, ETC. NOTE
Bibliography, etc Includes bibliographical references and index.
650 #0 - SUBJECT ADDED ENTRY--TOPICAL TERM
Topical term or geographic name as entry element Technological innovations
General subdivision Government policy
Geographic subdivision United States.
9 (RLIN) 16478
650 #0 - SUBJECT ADDED ENTRY--TOPICAL TERM
Topical term or geographic name as entry element Free enterprise
Geographic subdivision United States.
9 (RLIN) 16479
650 #0 - SUBJECT ADDED ENTRY--TOPICAL TERM
Topical term or geographic name as entry element Technological innovations
General subdivision Government policy.
9 (RLIN) 16480
650 #0 - SUBJECT ADDED ENTRY--TOPICAL TERM
Topical term or geographic name as entry element Free enterprise.
9 (RLIN) 1753
700 1# - ADDED ENTRY--PERSONAL NAME
Personal name Foldvary, Fred E.,
Dates associated with a name 1946-
9 (RLIN) 16481
700 1# - ADDED ENTRY--PERSONAL NAME
Personal name Klein, Daniel B.
9 (RLIN) 16482
856 42 - ELECTRONIC LOCATION AND ACCESS
Materials specified Publisher description
Uniform Resource Identifier http://www.loc.gov/catdir/enhancements/fy0730/2002015249-d.html
856 42 - ELECTRONIC LOCATION AND ACCESS
Materials specified Contributor biographical information
Uniform Resource Identifier http://www.loc.gov/catdir/enhancements/fy0734/2002015249-b.html
906 ## - LOCAL DATA ELEMENT F, LDF (RLIN)
a 7
b cbc
c orignew
d 1
e ecip
f 20
g y-gencatlg
942 ## - ADDED ENTRY ELEMENTS (KOHA)
Source of classification or shelving scheme Dewey Decimal Classification
Koha item type Open Shelf
Holdings
Withdrawn status Lost status Source of classification or shelving scheme Damaged status Not for loan Home library Current library Date acquired Source of acquisition Inventory number Total Checkouts Full call number Barcode Date last seen Price effective from Koha item type
    Dewey Decimal Classification     MUST Main Library MUST Main Library 15/03/2023 Purchase 14/38809   320.6Hal 2003 2023-0337 15/03/2023 15/03/2023 Open Shelf